| 000 | 00559nam a2200205Ia 4500 | ||
|---|---|---|---|
| 003 | OSt | ||
| 005 | 20260311112900.0 | ||
| 020 | _a0-7131-2457-1 | ||
| 040 | _cLCC | ||
| 050 | _aQH 581.2 .H35 1967 | ||
| 100 | _aHALE,MASON E. | ||
| 245 | 4 | _aTHE BIOLOGY OF LICHENS:CONTEMPORARY BIOLOGY | |
| 250 | _a2 | ||
| 260 |
_aLONDON, _bEDWARD ARNOLD PUBLISHERS LTD, _c1967, |
||
| 300 | _aViii, 181 P, ILL | ||
| 500 | _aINCLUDES BIBLIOGRAPHICAL REFERENCES AND INDEX | ||
| 650 | _a Lichens | ||
| 700 | _aEDITORS E.J.W BARRINGTON,ARTHUR J. WILLIS | ||
| 942 |
_cBK _2lcc |
||
| 999 |
_c192027 _d192027 |
||